000 00498nam a2200169Ia 4500
008 230917s9999||||xx |||||||||||||| ||und||
020 _cRS150
040 _e224476
_aMAIN
041 _aEnglish
082 _a891.433721 GZ946I
100 _aगुलजार
245 0 _aइजाजत
260 _aनई दिल्ली
_bराधाकृष्ण प्रकाशन
_c2011
300 _a95 पृ. p.
500 _a1929 05/02/2015 RKP15/7875 28/02/2015 Main Budget
942 _cBK
999 _c14337
_d14337